00682pam a2200229 i 4500001000800000005001700008008004100025010001700066020002500083040001800108041000800126080001600134082001600150100000600166101000800172245005100180504003200231906004500263942001200308999001700320952011500337130287820180223084228.0770506s1977 nyua b 001 0 eng  a 77005984  a0394411595 :c$10.00 aDLCcDLCdDLC aeng a796.426 FIX00a796.426 FIX1 a8 aEKF14aThe complete book of running /cJames F. Fixx. aBibliography: p. [290]-306. a7bcbccorignewd1eocipf19gy-gencatlg 2ddccBK c43324d43324 00102udc40708PËKGa002b002cPËKGd2018-02-23l0o796.426 FIXp002-2999585r2018-02-23w2018-02-23yBK